|
|
|
|
| LEADER |
02181nam a2200493 i 4500 |
| 001 |
EBC5199754 |
| 003 |
MiAaPQ |
| 005 |
20200520144314.0 |
| 006 |
m o d | |
| 007 |
cr cnu|||||||| |
| 008 |
180124t20152015xr ab ob 001 0 eng d |
| 020 |
|
|
|z 9788021080355
|
| 020 |
|
|
|a 9788021082830
|q (electronic bk.)
|
| 035 |
|
|
|a (MiAaPQ)EBC5199754
|
| 035 |
|
|
|a (Au-PeEL)EBL5199754
|
| 035 |
|
|
|a (CaPaEBR)ebr11485753
|
| 035 |
|
|
|a (OCoLC)1017005046
|
| 040 |
|
|
|a MiAaPQ
|b eng
|e rda
|e pn
|c MiAaPQ
|d MiAaPQ
|
| 043 |
|
|
|a e-xr---
|a e-xo---
|
| 050 |
|
4 |
|a HD9560.5
|b .V534 2015
|
| 082 |
0 |
|
|a 333.8232
|2 23
|
| 100 |
1 |
|
|a Vlcek, Tomas,
|e author.
|
| 245 |
1 |
0 |
|a Alternative oil supply infrastructures for the Czech Republic and Slovak Republic /
|c Tomas Vlcek.
|
| 264 |
|
1 |
|a Brno, [Czech Republic] :
|b Masarykova Univerzita,
|c 2015.
|
| 264 |
|
4 |
|c 2015
|
| 300 |
|
|
|a 1 online resource (205 pages) :
|b illustrations, maps.
|
| 336 |
|
|
|a text
|2 rdacontent
|
| 337 |
|
|
|a computer
|2 rdamedia
|
| 338 |
|
|
|a online resource
|2 rdacarrier
|
| 490 |
1 |
|
|a Monographs Series ;
|v Volume 61
|
| 504 |
|
|
|a Includes bibliographical references at the end of each chapters and indexes.
|
| 588 |
|
|
|a Description based on online resource; title from PDF title page (EBC, viewed January 23, 2018).
|
| 590 |
|
|
|a Electronic reproduction. Ann Arbor, MI : ProQuest, 2016. Available via World Wide Web. Access may be limited to ProQuest affiliated libraries.
|
| 650 |
|
0 |
|a Energy policy
|z Czech Republic.
|
| 650 |
|
0 |
|a Petroleum pipelines
|z Slovakia.
|
| 650 |
|
0 |
|a Petroleum pipelines
|z Czech Republic.
|
| 650 |
|
0 |
|a Petroleum reserves
|z Slovakia.
|
| 650 |
|
0 |
|a Energy policy
|z Slovakia.
|
| 650 |
|
0 |
|a Petroleum reserves
|z Czech Republic.
|
| 655 |
|
4 |
|a Electronic books.
|
| 776 |
0 |
8 |
|i Print version:
|a Vlcek, Tomas.
|t Alternative oil supply infrastructures for the Czech Republic and Slovak Republic.
|d Brno, [Czech Republic] : Masarykova Univerzita, c2015
|h 203 pages
|k Edicni rada Monografie ; Volume 61.
|z 9788021080355
|
| 797 |
2 |
|
|a ProQuest (Firm)
|
| 830 |
|
0 |
|a Edicni rada Monografie ;
|v Volume 61.
|
| 856 |
4 |
0 |
|u https://ebookcentral.proquest.com/lib/matrademy/detail.action?docID=5199754
|z Click to View
|